00320nam a2200109Ia 4500008004100000020002200041040002900063050002100092100001800113245005200131260002700183230104s9999||||xx |||||||||||||| ||und|| a978-0-7506-6350-2 cChuka University Library aG 155 bC66 2008 aCooper, Chris 0aContemporary tourism: an international approach aElsevierbOxfordc2008